Riconosci il Pokémon - Quiz n°241 - Statistics

Statistiche generali
  • Questo quiz è stato fatto 1 volte
  • Il punteggio medio è 10 su 10
Statistiche sulle risposte
Indizio Risposta % Corretto
Altezza 1,1 m
100%
Peso 30,0 kg
100%
Tasso di cattura 45 (11.9%)
100%
Sesso 75% ♂, 25% ♀
100%
Pokémon Electabuzz
100%
Tipo Elettro
100%
Tasso di allevamento Medio-Veloce
100%
Generazione Prima
100%
Stadio evoluzione Prima evoluzione
100%
Abilità Statico; Spiritovivo
100%
Nessun quiz corrispondente trovato
Distribuzione punteggi
Percentuale di utenti per punteggio
Percentile per numero di risposta
I tuoi punteggi nel tempo
Non hai fatto questo quiz